000 00771nam a2200157 4500
999 _c16466
_d16466
008 220207b ||||| |||| 00| 0 eng d
022 _a0893-8989
082 _aDPer 363.205 P75 Sept 2013-May 2016 v. 37 & 40, n. 9-11/1-5
100 _aJancewicz, James A.
_943871
245 _aHow to motivate law enforcement officers:
_bpeople who pursue law enforcement careers are driven by the belief they have been called to protect and serve. Their commanders need to know how to encourage them to achieve excellence/
_cJames A. Jancewicz.
260 _aCalifornia:
_bBobit Business Media,
_c©Sept 2013-May 2016.
300 _av40 n5, pages 36-40;
_billustrations:
_c27 cm.
500 _aPolice: the law enforcement.
650 _aPersonnel management.
_943834
942 _2ddc
_cPER